000
00243nam a2200109Ia 4500
008
190216s9999||||xx |||||||||||||| ||und||
100
_a
Mukerjee V
245
0
_a
Hindi-Bharath Ke Mahan Yogi
260
_b
Anurag
650
_a
Hindi
942
_c
BK
999
_c
15548
_d
15548